000 00681cam a2200241 4500500
005 20260329003553.0
041 _afre
042 _adc
100 1 0 _aTenaillon, Nicolas
_eauthor
245 0 0 _a2015 ou la marque du terrorisme
260 _c2016.
500 _a14
690 _aDaech
690 _aDjihad
690 _aGilles Kepel
690 _aJean Birnbaum
690 _aNicolas Grimaldi
690 _aPierre Hassner
690 _aTerreur
690 _aTerrorisme
786 0 _nPhilosophie magazine | 96 | 2 | 2016-02-01 | p. 56-56 | 1951-1787
856 4 1 _uhttps://shs.cairn.info/magazine-philosophie-magazine-2016-2-page-56?lang=fr&redirect-ssocas=7080
999 _c1825690
_d1825690